00470nam a22001697a 450000500170000001000130001702000220003003500130005203700090006508200080007410000210008224500430010324600490014626000370019527000460023230000220027820191223162309.0 aA-998633 c60.00a8185172684 aA-998633 bBPPD a809 aمحمد حسن  aہيتی تنقيد cمحمد حسن  aHyati Tanqeed (Urdu)bby Prof. Mohd. Hasan  aDelhic1943 ء bAkif Book Depot a437,Matia Mahal ,bDelhik3265480e110006 a120 صc22 cm(hb)